Indian Mythology Quiz - Statistics

General Stats
  • This quiz has been taken 435 times
  • The average score is 2 of 8
Answer Stats
Hint Answer % Correct
Wife of laxmana Urmila
82%
Mother of Pandu Ambalika
44%
Balarama's Weapon plough
29%
Guru of Bishma Parashu Rama
23%
Grandson of Bhima Barbarika
17%
Vishnu's first avatar Kurma
15%
Name of the snake which lord Krisna killed in the river Yamuna Kalinga
14%
First son of sathyavati Vaysa
1%
No matching quizzes found
Score Distribution
Percent of People with Each Score
Percentile by Number Answered
Your Score History
You have not taken this quiz